The New Aird's Companion in Surgical Studies / (Record no. 1366)

MARC details
000 -LEADER
fixed length control field 00667nam a22002177a 4500
003 - CONTROL NUMBER IDENTIFIER
control field OSt
005 - DATE AND TIME OF LATEST TRANSACTION
control field 20150409140427.0
008 - FIXED-LENGTH DATA ELEMENTS--GENERAL INFORMATION
fixed length control field 150409b xxu||||| |||| 00| 0 eng d
020 ## - INTERNATIONAL STANDARD BOOK NUMBER
International Standard Book Number 044305326x
040 ## - CATALOGING SOURCE
Transcribing agency DNLM
082 ## - DEWEY DECIMAL CLASSIFICATION NUMBER
Classification number WO 100 N42k 1998
245 ## - TITLE STATEMENT
Title The New Aird's Companion in Surgical Studies /
Statement of responsibility, etc. Edited by Kevin G. Burnand, Anthony E. Young
250 ## - EDITION STATEMENT
Edition statement 2nd ed.
260 ## - PUBLICATION, DISTRIBUTION, ETC. (IMPRINT)
Place of publication, distribution, etc. London:
Name of publisher, distributor, etc. Churchill Livingstone;
Date of publication, distribution, etc. 1998.
300 ## - PHYSICAL DESCRIPTION
Extent ix, 1429p :
Other physical details ill;
Dimensions 27 cm
504 ## - BIBLIOGRAPHY, ETC. NOTE
Bibliography, etc Includes references and index.
650 ## - SUBJECT ADDED ENTRY--TOPICAL TERM
Topical term or geographic name as entry element Surgical studies
9 (RLIN) 3619
700 ## - ADDED ENTRY--PERSONAL NAME
Relator code Editor
Personal name Burnand Kevin G.
9 (RLIN) 3620
700 ## - ADDED ENTRY--PERSONAL NAME
Relator code Editor
Personal name Young Anthony E.
9 (RLIN) 3621
942 ## - ADDED ENTRY ELEMENTS (KOHA)
Source of classification or shelving scheme Other/Generic Classification Scheme
Koha item type Short Loan
Holdings
Withdrawn status Lost status Source of classification or shelving scheme Damaged status Not for loan Home library Current library Date acquired Source of acquisition Inventory number Total Checkouts Full call number Barcode Date last seen Price effective from Koha item type
    Other/Generic Classification Scheme     MUST Main Library MUST Main Library 09/04/2015   2009/31979   WO 100 N42k 1998 2015-0823 09/04/2015 09/04/2015 Short Loan